000 00334nam a2200145Ia 4500
005 20250323174205.0
008 240331s9999 xx 000 0 und d
082 _bPOO
_a894
100 _aPookkal,S.A
245 0 _aManachumaikal
260 _aKandy
_bThamil Manram
_c1988
300 _a112 p .,
650 _aShort Stories
942 _cL
999 _c4138
_d4138